000 00700cam a2200181Ia 4500
020 _a9789251069028
020 _a9251069026
040 _cNLE
082 _a636 FOO 2011 A090 Or.
245 0 0 _aSuccesses and failures with animal nutrition practices and technologies in developing countries :
_bFAO electronic conference, 1-30 September 2010 /
260 _aRome :
_bFood and Agriculture Organization of the United Nations,
_c2011.
300 _aviii, 165 p. :
_bcol. ill. ;
_c25 cm.
490 1 _aFAO animal production and health proceedings,
650 0 _aAnimal nutrition
700 1 _aMakkar, Harinder P. S.
710 2 _aFood and Agriculture Organization of the United Nations.
942 _cEK
999 _c15913
_d15913